000 00856nas a2200301 4500
001 BR0804607
003 BR-BrBNA
005 20231205111840.0
007 ta
008 230509b bl.|||p| |||| 00| 00por d
040 _aBR-BrBNA
_bpor
_cBiblioteca Nacional de Agricultura
041 _a(Pt)
072 _aH10
100 1 _aMachado, A.C.Z.
100 1 _aBeluti, D.B.
100 1 _aSilva, R.A.
100 1 _aSerrano, M.A.S.
100 1 _aInomoto, M.M.
245 1 _aAvaliação de danos causados por Pratylenchus Brachyurus em algodoeiro
650 _aPRAGA DE PLANTA
650 _aNEMATÓIDE
650 _aALGODÃO
650 _aPARASITO
650 _aHOSPEDEIRO
773 0 _tFitopatologia Brasileira (Brazil)
_xISSN 0100-4158
_g(2006), v. 31(1) p. 11-16
_wBR0804607
909 _a202311
_bLúcia
_c55
_dLúcia Elande
942 _2AGRIS
_n0
_cANA
999 _c194794
_d194794